000 00416nam a2200145 a 4500
082 0 0 _a954.61 YEP
100 _aRajkumar, Vincent
245 _aSocial Reality of the North East Migrants
260 _aBangalore
_bChristian Instt. for the Study of Religion
_c2014
300 _a145p
500 _aincludes index and biblioraphy
505 2 _aBibliography
650 _aNortheast-India Social Problem
942 _cBK
999 _c19577
_d19577